[Event "Hastings Premier 1973/74 49th"]
[Site "Hastings"]
[Date "1974.01.09"]
[Round "12"]
[White "Tal, Mikhail"]
[Black "Stean, Michael Frank"]
[Result "1-0"]
[WhiteElo "2660"]
[BlackElo "2320"]
[PlyCount "67"]
[EventDate "1973.12.27"]
[EventType "tourn"]
[EventRounds "15"]
[EventCountry "ENG"]
[EventCategory "9"]
[SourceTitle "Britbase"]

1. e4 c5 2. Nf3 d6 3. d4 cxd4 4. Nxd4 Nf6 5. Nc3 a6 6. Bg5 e6 7. f4 Nbd7 8. Qf3
Qc7 9. O-O-O b5 10. Bxb5 axb5 11. Ndxb5 Qb8 12. e5 Bb7 13. Qe2 dxe5 14. Qc4 Bc5
15. Bxf6 gxf6 16. Rxd7 Be3+ 17. Kb1 Kxd7 18. Rd1+ Bd4 19. fxe5 fxe5 20. Nxd4
exd4 21. Qxd4+ Ke7 22. Qc5+ Kf6 23. Rf1+ Kg6 24. Qe7 f5 25. Qxe6+ Kg7 26. Qe7+
Kg6 27. h4 Ra5 28. h5+ Kxh5 29. Qf7+ Kh4 30. Qf6+ Kg3 31. Qg5+ Kh2 32. Qh4+
Kxg2 33. Rf2+ Kg1 34. Ne2# 1-0

[Event "Hastings Premier 1973/74 49th"]
[Site "Hastings"]
[Date "1974.01.10"]
[Round "13"]
[White "Basman, Michael John"]
[Black "Suttles, Duncan"]
[Result "1/2-1/2"]
[WhiteElo "2385"]
[BlackElo "2485"]
[PlyCount "55"]
[EventDate "1973.12.27"]
[EventType "tourn"]
[EventRounds "15"]
[EventCountry "ENG"]
[EventCategory "9"]
[SourceTitle "Britbase"]

1. e4 c5 2. Nf3 d6 3. Be2 g6 4. O-O Bg7 5. Re1 Nf6 6. Bf1 O-O 7. c3 Nc6 8. h3
e5 9. d4 cxd4 10. cxd4 exd4 11. Nxd4 Nxd4 12. Qxd4 Re8 13. Bb5 Re7 14. Qb4 a6
15. Bd3 b5 16. Bf4 Bb7 17. Nc3 a5 18. Qb3 b4 19. Nb5 Nxe4 20. Bxe4 Rxe4 21.
Rxe4 Bxe4 22. Nxd6 Qf6 23. Bg3 Bf5 24. Qd5 Rf8 25. Re1 Be6 26. Qxa5 Qxb2 27.
Ne4 Rc8 28. Bd6 1/2-1/2

[Event "Hastings Premier 1973/74 49th"]
[Site "Hastings"]
[Date "1974.01.10"]
[Round "13"]
[White "Garcia Martinez, Silvino"]
[Black "Keene, Raymond Dennis"]
[Result "1/2-1/2"]
[WhiteElo "2450"]
[BlackElo "2445"]
[PlyCount "23"]
[EventDate "1973.12.27"]
[EventType "tourn"]
[EventRounds "15"]
[EventCountry "ENG"]
[EventCategory "9"]
[SourceTitle "Britbase"]

1. e4 g6 2. d4 d6 3. Nf3 Bg7 4. Be2 Nf6 5. Nc3 O-O 6. O-O Nc6 7. Be3 e5 8. dxe5
dxe5 9. Qxd8 Rxd8 10. Rad1 Bg4 11. Rxd8+ Rxd8 12. Rd1 1/2-1/2

[Event "Hastings Premier 1973/74 49th"]
[Site "Hastings"]
[Date "1974.01.10"]
[Round "13"]
[White "Stean, Michael Frank"]
[Black "Rellstab, Ludwig Jr"]
[Result "1/2-1/2"]
[WhiteElo "2320"]
[BlackElo "2200"]
[PlyCount "89"]
[EventDate "1973.12.27"]
[EventType "tourn"]
[EventRounds "15"]
[EventCountry "ENG"]
[EventCategory "9"]
[SourceTitle "Britbase"]

1. e4 e5 2. Nf3 Nc6 3. Bb5 a6 4. Ba4 d6 5. O-O Bd7 6. c3 Nf6 7. d4 Be7 8. Re1
O-O 9. Nbd2 Re8 10. Nf1 h6 11. Ng3 Bf8 12. h3 Na5 13. Bc2 c5 14. b3 Nc6 15. d5
Ne7 16. Be3 Ng6 17. Qd2 Nh7 18. a4 Nh4 19. Nxh4 Qxh4 20. Nf5 Bxf5 21. exf5 Be7
22. a5 Bg5 23. Ra4 Bxe3 24. Rxe3 Qf6 25. h4 Rac8 26. Rh3 c4 27. Rxc4 Rxc4 28.
bxc4 Rc8 29. Bd3 e4 30. Bxe4 Rxc4 31. Re3 Qxh4 32. Bd3 Rc8 33. Qb2 Nf6 34. g3
Qa4 35. Qxb7 Rxc3 36. Qxa6 Rc1+ 37. Kg2 Qd1 38. Bf1 Qxd5+ 39. Kg1 Kh7 40. Rd3
Qxf5 41. Ra3 Ne4 42. Qe2 Nc3 43. Qb2 Rc2 44. Qb6 Rc1 45. Qb2 1/2-1/2

[Event "Hastings Premier 1973/74 49th"]
[Site "Hastings"]
[Date "1974.01.10"]
[Round "13"]
[White "Szabo, Laszlo"]
[Black "Pytel, Krzysztof"]
[Result "1/2-1/2"]
[WhiteElo "2565"]
[BlackElo "2390"]
[PlyCount "59"]
[EventDate "1973.12.27"]
[EventType "tourn"]
[EventRounds "15"]
[EventCountry "ENG"]
[EventCategory "9"]
[SourceTitle "Britbase"]

1. c4 Nf6 2. Nc3 c5 3. Nf3 g6 4. d4 Bg7 5. e4 d6 6. dxc5 Qa5 7. Bd3 Qxc5 8. O-O
Bg4 9. Be3 Qa5 10. Be2 Bxf3 11. Bxf3 Nc6 12. Be2 Nd7 13. Nd5 O-O 14. b4 Qd8 15.
Rb1 e6 16. Nf4 Qe7 17. Qd2 a5 18. a3 axb4 19. axb4 Nf6 20. f3 e5 21. Nd3 Nd4
22. Bd1 Nd7 23. Bb3 Rfc8 24. Bxd4 exd4 25. Rbe1 Ne5 26. Nxe5 dxe5 27. c5 Kh8
28. f4 exf4 29. Rxf4 Rf8 30. Ref1 1/2-1/2

[Event "Hastings Premier 1973/74 49th"]
[Site "Hastings"]
[Date "1974.01.10"]
[Round "13"]
[White "Timman, Jan H"]
[Black "Tal, Mikhail"]
[Result "1/2-1/2"]
[WhiteElo "2470"]
[BlackElo "2660"]
[PlyCount "96"]
[EventDate "1973.12.27"]
[EventType "tourn"]
[EventRounds "15"]
[EventCountry "ENG"]
[EventCategory "9"]
[SourceTitle "Britbase"]

1. d4 Nf6 2. c4 e6 3. Nc3 Bb4 4. e3 O-O 5. Bd3 d5 6. Nf3 c5 7. O-O Nc6 8. a3
dxc4 9. Bxc4 Ba5 10. Qd3 a6 11. Ne4 b5 12. Nxf6+ Qxf6 13. Qe4 Bb7 14. Bd3 g6
15. dxc5 Nb4 16. Qe5 Qxe5 17. Nxe5 Nxd3 18. Nxd3 Rfd8 19. Ne5 Bc7 20. Nf3 Bxf3
21. gxf3 a5 22. Rb1 b4 23. e4 Rd3 24. axb4 axb4 25. Be3 Be5 26. Rfc1 f5 27. f4
Bd4 28. Rc4 Bxe3 29. fxe3 Rxe3 30. Rxb4 Re2 31. exf5 Rd8 32. Rb3 Rdd2 33. Rg3
exf5 34. b4 Rc2 35. b5 Rxc5 36. b6 Rc8 37. b7 Rb8 38. Rc3 Kf7 39. Rc8 Re8 40.
Rxb8 Rxb8 41. Kf2 Ke6 42. Kg3 Kd5 43. Kh4 h6 44. Rb6 Ke4 45. Kg3 Kd5 46. h4 Kc5
47. Rxg6 Rxb7 48. h5 Rb6 1/2-1/2

[Event "Hastings Premier 1973/74 49th"]
[Site "Hastings"]
[Date "1974.01.11"]
[Round "14"]
[White "Benko, Pal"]
[Black "Pytel, Krzysztof"]
[Result "1-0"]
[WhiteElo "2530"]
[BlackElo "2390"]
[PlyCount "57"]
[EventDate "1973.12.27"]
[EventType "tourn"]
[EventRounds "15"]
[EventCountry "ENG"]
[EventCategory "9"]
[SourceTitle "Britbase"]

1. Nf3 d5 2. c4 c6 3. e3 Nf6 4. Nc3 e6 5. d4 Nbd7 6. Bd3 dxc4 7. Bxc4 b5 8. Be2
a6 9. e4 b4 10. e5 bxc3 11. exf6 cxb2 12. fxg7 bxa1=Q 13. gxh8=Q Qa5+ 14. Bd2
Qxd1+ 15. Bxd1 Qf5 16. O-O Bb7 17. d5 Qxd5 18. Qxh7 c5 19. Ba4 O-O-O 20. Ba5 ({
Digital sources give} 20. Bg5 {but The Chess Player Vol.6/510 gives 20 Ba5 and
there seems no reason to doubt it.}) 20... Ne5 21. Ne1 c4 22. Bxd8 Qxd8 23. Qh8
f6 24. Qg8 Qd6 25. Nc2 Kc7 26. Ne3 Be7 27. Rd1 Qb6 28. Qe8 Bc5 29. Qd8# {
Source: The Chess Player, Vol.6/510} 1-0

[Event "Hastings Premier 1973/74 49th"]
[Site "Hastings"]
[Date "1974.01.11"]
[Round "14"]
[White "Hartston, William Roland"]
[Black "Basman, Michael John"]
[Result "1/2-1/2"]
[WhiteElo "2470"]
[BlackElo "2385"]
[PlyCount "49"]
[EventDate "1973.12.27"]
[EventType "tourn"]
[EventRounds "15"]
[EventCountry "ENG"]
[EventCategory "9"]
[SourceTitle "Britbase"]

1. e4 c5 2. Nf3 e6 3. d4 cxd4 4. Nxd4 Bc5 5. Be3 Qb6 6. Nc3 Nc6 7. Ndb5 Bxe3 8.
fxe3 Qxe3+ 9. Be2 Kf8 10. Rf1 Nf6 11. Qd6+ Kg8 12. Rxf6 gxf6 13. Rd1 h5 14. Rd3
Qc1+ 15. Kf2 h4 16. Nc7 Ne5 17. Nxa8 Qf4+ 18. Kg1 Nxd3 19. Qxd3 b6 20. Qc4 Bb7
21. Nc7 Qe3+ 22. Kf1 Qf4+ 23. Kg1 Qe3+ 24. Kf1 Qf4+ 25. Kg1 1/2-1/2

[Event "Hastings Premier 1973/74 49th"]
[Site "Hastings"]
[Date "1974.01.11"]
[Round "14"]
[White "Keene, Raymond Dennis"]
[Black "Szabo, Laszlo"]
[Result "1/2-1/2"]
[WhiteElo "2445"]
[BlackElo "2565"]
[PlyCount "30"]
[EventDate "1973.12.27"]
[EventType "tourn"]
[EventRounds "15"]
[EventCountry "ENG"]
[EventCategory "9"]
[SourceTitle "Britbase"]

1. Nf3 Nf6 2. c4 g6 3. g3 Bg7 4. Bg2 O-O 5. O-O d6 6. d4 c6 7. Nc3 Nbd7 8. e4
e5 9. h3 Re8 10. Re1 a5 11. Qc2 exd4 12. Nxd4 Nb6 13. Nce2 Qe7 14. Nf4 d5 15.
cxd5 Nfxd5 1/2-1/2

[Event "Hastings Premier 1973/74 49th"]
[Site "Hastings"]
[Date "1974.01.11"]
[Round "14"]
[White "Kuzmin, Gennadi P"]
[Black "Garcia Martinez, Silvino"]
[Result "1-0"]
[WhiteElo "2575"]
[BlackElo "2450"]
[PlyCount "79"]
[EventDate "1973.12.27"]
[EventType "tourn"]
[EventRounds "15"]
[EventCountry "ENG"]
[EventCategory "9"]
[SourceTitle "Britbase"]

1. e4 c5 2. Nf3 d6 3. d4 cxd4 4. Nxd4 Nf6 5. Nc3 g6 6. Be3 Bg7 7. Bc4 Nc6 8. f3
O-O 9. Qd2 Bd7 10. Bb3 Qa5 11. O-O-O Rfc8 12. Kb1 Ne5 13. h4 b5 14. Ncxb5 Qxd2
15. Bxd2 Nc4 16. Nc3 Nxe4 17. Nxe4 Bxd4 18. Bg5 Be5 19. Bxe7 Nxb2 20. Rxd6 Be8
21. Rd5 Bg7 22. h5 Rc6 23. Rd6 Rxd6 24. Bxd6 Na4 25. hxg6 hxg6 26. Be7 Nc3+ 27.
Nxc3 Bxc3 28. Rd1 Kg7 29. Ba3 Bc6 30. Bb2 Bxb2 31. Kxb2 Re8 32. Rd6 Bb5 33. a4
Bf1 34. g4 Re3 35. Bd5 f5 36. Rd7+ Kh6 37. f4 a6 38. Bg8 g5 39. fxg5+ Kxg5 40.
gxf5 1-0

[Event "Hastings Premier 1973/74 49th"]
[Site "Hastings"]
[Date "1974.01.11"]
[Round "14"]
[White "Suttles, Duncan"]
[Black "Stean, Michael Frank"]
[Result "1/2-1/2"]
[WhiteElo "2485"]
[BlackElo "2320"]
[PlyCount "86"]
[EventDate "1973.12.27"]
[EventType "tourn"]
[EventRounds "15"]
[EventCountry "ENG"]
[EventCategory "9"]
[SourceTitle "Britbase"]

1. g3 g6 2. Bg2 Bg7 3. e4 c5 4. Ne2 Nc6 5. O-O d6 6. Na3 e5 7. Nc4 Nge7 8. Nc3
Nd4 9. a4 O-O 10. d3 Be6 11. Nd5 Rb8 12. c3 Ndc6 13. f4 Qd7 14. Be3 exf4 15.
Bxf4 Ne5 16. Nce3 h5 17. Qc2 Rbe8 18. Rae1 Nxd5 19. exd5 Bh3 20. Bxe5 Rxe5 21.
Nc4 Rxe1 22. Rxe1 Bxg2 23. Qxg2 Rd8 24. a5 Rb8 25. Qe4 Bf8 26. Kg2 b5 27. axb6
axb6 28. h3 Qc7 29. g4 hxg4 30. hxg4 b5 31. Nd2 Bg7 32. Qe7 Qxe7 33. Rxe7 b4
34. Ne4 Be5 35. g5 Kf8 36. Ra7 bxc3 37. bxc3 Rb3 38. Kf3 Bxc3 39. Nxd6 Bd2 40.
Rxf7+ Kg8 41. Rf6 Rxd3+ 42. Ke4 Re3+ 43. Kf4 Rd3+ 1/2-1/2

[Event "Hastings Premier 1973/74 49th"]
[Site "Hastings"]
[Date "1974.01.11"]
[Round "14"]
[White "Tal, Mikhail"]
[Black "Gligoric, Svetozar"]
[Result "1/2-1/2"]
[WhiteElo "2660"]
[BlackElo "2595"]
[PlyCount "49"]
[EventDate "1973.12.27"]
[EventType "tourn"]
[EventRounds "15"]
[EventCountry "ENG"]
[EventCategory "9"]
[SourceTitle "Britbase"]

1. e4 e5 2. Nf3 Nc6 3. Bb5 a6 4. Ba4 Nf6 5. O-O Be7 6. Re1 b5 7. Bb3 d6 8. c3
O-O 9. h3 Nb8 10. d4 Nbd7 11. Nbd2 Bb7 12. Bc2 c5 13. Nf1 Re8 14. Ng3 Bf8 15.
d5 g6 16. b3 Nb6 17. Qe2 a5 18. c4 b4 19. a4 Bg7 20. Be3 Nbd7 21. Qd2 Qe7 22.
Nh4 Kh8 23. Bg5 Qf8 24. Rf1 Ng8 25. Rae1 1/2-1/2

[Event "Hastings Premier 1973/74 49th"]
[Site "Hastings"]
[Date "1974.01.13"]
[Round "15"]
[White "Garcia Martinez, Silvino"]
[Black "Adorjan, Andras"]
[Result "1/2-1/2"]
[WhiteElo "2450"]
[BlackElo "2515"]
[PlyCount "33"]
[EventDate "1973.12.27"]
[EventType "tourn"]
[EventRounds "15"]
[EventCountry "ENG"]
[EventCategory "9"]
[SourceTitle "Britbase"]

1. e4 e5 2. Nf3 Nc6 3. Bb5 a6 4. Bxc6 dxc6 5. d4 exd4 6. Qxd4 Qxd4 7. Nxd4 Bd7
8. Be3 O-O-O 9. Nd2 g6 10. O-O-O Bg7 11. N2b3 b6 12. f3 Ne7 13. Ne2 c5 14. Rd2
Bc6 15. Rhd1 Rxd2 16. Rxd2 Rd8 17. Rxd8+ 1/2-1/2

[Event "Hastings Premier 1973/74 49th"]
[Site "Hastings"]
[Date "1974.01.13"]
[Round "15"]
[White "Gligoric, Svetozar"]
[Black "Rellstab, Ludwig Jr"]
[Result "1-0"]
[WhiteElo "2595"]
[BlackElo "2200"]
[PlyCount "89"]
[EventDate "1973.12.27"]
[EventType "tourn"]
[EventRounds "15"]
[EventCountry "ENG"]
[EventCategory "9"]
[SourceTitle "Britbase"]

1. d4 Nf6 2. c4 e6 3. Nc3 Bb4 4. e3 c5 5. Nge2 d5 6. a3 cxd4 7. axb4 dxc3 8.
Nxc3 O-O 9. b3 b6 10. Be2 Bb7 11. O-O dxc4 12. bxc4 Nc6 13. Ba3 Qc8 14. Qd6 Rd8
15. Qg3 Ne7 16. Rfd1 Rxd1+ 17. Rxd1 Nf5 18. Qf4 Qb8 19. Qxb8+ Rxb8 20. b5 h5
21. Bc1 Kf8 22. f3 Ke8 23. e4 Ne7 24. Be3 Nd7 25. Ra1 Ra8 26. Na4 Nc8 27. c5
bxc5 28. Nxc5 Nxc5 29. Bxc5 Nb6 30. Kf2 Kd7 31. Rd1+ Kc8 32. Kg3 Na4 33. Bd4
Kc7 34. Be5+ Kb6 35. Rd7 h4+ 36. Kxh4 Rh8+ 37. Kg3 Bc8 38. Bd4+ Ka5 39. Rxa7+
Kb4 40. Rxf7 Rd8 41. Bxg7 Rd2 42. Kf2 e5 43. Bxe5 Be6 44. Rc7 Nc5 45. Ke3 1-0

[Event "Hastings Premier 1973/74 49th"]
[Site "Hastings"]
[Date "1974.01.13"]
[Round "15"]
[White "Pytel, Krzysztof"]
[Black "Keene, Raymond Dennis"]
[Result "1/2-1/2"]
[WhiteElo "2390"]
[BlackElo "2445"]
[PlyCount "20"]
[EventDate "1973.12.27"]
[EventType "tourn"]
[EventRounds "15"]
[EventCountry "ENG"]
[EventCategory "9"]
[SourceTitle "Britbase"]

1. d4 Nf6 2. c4 e6 3. Nf3 b6 4. g3 Ba6 5. b3 d5 6. Bg2 Bb4+ 7. Bd2 Be7 8. cxd5
exd5 9. Nc3 O-O 10. O-O c6 1/2-1/2

[Event "Hastings Premier 1973/74 49th"]
[Site "Hastings"]
[Date "1974.01.13"]
[Round "15"]
[White "Stean, Michael Frank"]
[Black "Hartston, William Roland"]
[Result "0-1"]
[WhiteElo "2320"]
[BlackElo "2470"]
[PlyCount "138"]
[EventDate "1973.12.27"]
[EventType "tourn"]
[EventRounds "15"]
[EventCountry "ENG"]
[EventCategory "9"]
[SourceTitle "Britbase"]

1. e4 c5 2. Nf3 e6 3. d4 cxd4 4. Nxd4 Nc6 5. Nc3 a6 6. Be2 Nge7 7. Bf4 Ng6 8.
Nxc6 bxc6 9. Bd6 Bxd6 10. Qxd6 Qb6 11. b3 Qa5 12. b4 Qe5 13. Qxe5 Nxe5 14. Na4
Rb8 15. a3 d6 16. Kd2 Ke7 17. c4 c5 18. bxc5 dxc5 19. Nxc5 Rb2+ 20. Ke3 Rd8 21.
f4 Rdd2 22. Rhe1 Nc6 23. Na4 Rbc2 24. Rad1 Rxd1 25. Rxd1 e5 26. f5 Nd4 27. Rd2
Rc1 28. Nb6 Bb7 29. Nd5+ Kd6 30. Rb2 Bc6 31. Rb6 a5 32. Ra6 Nxe2 33. Kxe2 Rxc4
34. Rxa5 Rxe4+ 35. Ne3 g6 36. f6 Rd4 37. Ra7 Bb5+ 38. Ke1 Ke6 39. Rb7 Bc6 40.
Rb6 Kd6 41. g4 h6 42. Rb8 Rf4 43. Rh8 Rxf6 44. Rxh6 Rf3 45. Ke2 Rf4 46. Rh3
Bb5+ 47. Ke1 Ke6 48. Rg3 Ra4 49. Nd1 Re4+ 50. Kd2 Re2+ 51. Kc3 Rxh2 52. Kb4 Bc6
53. Rc3 Bd7 54. Ne3 Rb2+ 55. Kc5 f5 56. gxf5+ gxf5 57. Rd3 Rb5+ 58. Kc4 Rb8 59.
Kc5 Rc8+ 60. Kb4 f4 61. Nc4 Rb8+ 62. Kc3 Bb5 63. Rd6+ Ke7 64. Rd5 Bxc4 65. Kxc4
Ke6 66. Rc5 Ra8 67. Kb4 f3 68. a4 f2 69. Rc1 Rb8+ 0-1

[Event "Hastings Premier 1973/74 49th"]
[Site "Hastings"]
[Date "1974.01.13"]
[Round "15"]
[White "Szabo, Laszlo"]
[Black "Kuzmin, Gennadi P"]
[Result "1/2-1/2"]
[WhiteElo "2565"]
[BlackElo "2575"]
[PlyCount "30"]
[EventDate "1973.12.27"]
[EventType "tourn"]
[EventRounds "15"]
[EventCountry "ENG"]
[EventCategory "9"]
[SourceTitle "Britbase"]

1. d4 Nf6 2. c4 e6 3. Nc3 Bb4 4. e3 b6 5. Nge2 Ne4 6. Bd2 Nxd2 7. Qxd2 O-O 8.
a3 Be7 9. Ng3 d6 10. Be2 Bb7 11. O-O Nd7 12. f4 d5 13. cxd5 exd5 14. Bf3 Nf6
15. Nf5 Re8 1/2-1/2

[Event "Hastings Challengers 1973/74"]
[Site "Hastings"]
[Date "1973.12.27"]
[Round "1"]
[White "Mabbs, David J"]
[Black "Gass, Ulrich"]
[Result "1-0"]
[WhiteElo "2192"]
[BlackElo "2080"]
[PlyCount "71"]
[EventDate "1973.12.27"]
[EventType "swiss"]
[EventRounds "10"]
[EventCountry "ENG"]
[SourceTitle "BritBase"]
[Source "John Saunders"]
[SourceDate "2024.07.04"]
[SourceVersion "1"]
[SourceVersionDate "2024.07.04"]
[SourceQuality "1"]

1. d4 Nf6 2. Nc3 g6 3. e4 d6 4. Be2 Bg7 5. Nf3 c5 6. dxc5 Qa5 7. O-O Qxc5 8.
Be3 Qb4 9. a3 Qa5 10. Qd2 Nc6 11. Bh6 O-O 12. Bxg7 Kxg7 13. b4 Qh5 14. h3 Bd7
15. Ng5 Qh4 16. g3 Qh6 17. f4 Kg8 18. b5 Nd8 19. e5 dxe5 20. fxe5 Nh5 21. Nce4
Bf5 22. Rad1 Ng7 23. Rf4 Bxe4 24. Rh4 Nh5 25. Bxh5 gxh5 26. Nxe4 Qg6 27. Qd7
Ne6 28. Qxe7 Rac8 29. Re1 Rc7 30. Qf6 Rxc2 31. g4 Ng7 32. Qxg6 fxg6 33. Nf6+
Kh8 34. gxh5 g5 35. Rd4 Rf7 36. Rd8+ {Source: David Mabbs} 1-0

[Event "Hastings Challengers 1973/74"]
[Site "Hastings"]
[Date "1973.12.27"]
[Round "1"]
[White "Robinson, John K"]
[Black "Goodman, David SC"]
[Result "1/2-1/2"]
[WhiteElo "2136"]
[BlackElo "2080"]
[PlyCount "52"]
[EventDate "1973.12.27"]
[EventType "swiss"]
[EventRounds "10"]
[EventCountry "ENG"]
[SourceTitle "BritBase"]
[Source "John Saunders"]
[SourceDate "2024.07.04"]
[SourceVersion "1"]
[SourceVersionDate "2024.07.04"]
[SourceQuality "1"]

1. d4 g6 2. c4 Bg7 3. Nc3 d6 4. Nf3 Nf6 5. Bg5 h6 6. Bh4 O-O 7. e3 Nbd7 8. Be2
c6 9. Qc2 Qc7 10. h3 e5 11. O-O Re8 12. b4 Nf8 13. Rac1 Bf5 14. Qb3 Ne4 15.
Nxe4 Bxe4 16. dxe5 dxe5 17. Nd2 Bf5 18. c5 Be6 19. Bc4 f5 20. Bg3 f4 21. Bh2
Kh7 22. Rfd1 Bf5 23. Be2 Be6 24. Bc4 Bf5 25. Be2 Be6 26. Bc4 Bf5 {Source: John
K Robinson ("Nosnibor" chessgames.com)} 1/2-1/2

[Event "Hastings Challengers 1973/74"]
[Site "Hastings"]
[Date "1973.12.28"]
[Round "2"]
[White "Thrower, Sean"]
[Black "Mabbs, David J"]
[Result "0-1"]
[WhiteElo "2160"]
[BlackElo "2192"]
[PlyCount "62"]
[EventDate "1973.12.27"]
[EventType "swiss"]
[EventRounds "10"]
[EventCountry "ENG"]
[SourceTitle "BritBase"]
[Source "John Saunders"]
[SourceDate "2024.07.04"]
[SourceVersion "1"]
[SourceVersionDate "2024.07.04"]
[SourceQuality "1"]

1. c4 f5 2. g3 Nf6 3. Bg2 e6 4. Nc3 Be7 5. d4 O-O 6. Nh3 d5 7. O-O dxc4 8. Qa4
Qxd4 9. Be3 Qd7 10. Qxc4 c6 11. Rad1 Nd5 12. Nf4 Kh8 13. Bd4 Qe8 14. Nd3 Nd7
15. e4 fxe4 16. Nxe4 Qh5 17. Ndc5 N7b6 18. Qb3 e5 19. Bc3 Bg4 20. f3 Bxf3 21.
Bxf3 Rxf3 22. Nd3 Rxf1+ 23. Rxf1 Qe2 24. Nef2 Ne3 25. Re1 Qf3 26. Rxe3 Qxe3 27.
Nxe5 Nd5 28. Qxb7 Rf8 29. Neg4 Qc1+ 30. Kg2 Ne3+ 31. Nxe3 Qxe3 {Source: David
Mabbs} 0-1

[Event "Hastings Challengers 1973/74"]
[Site "Hastings"]
[Date "1973.12.29"]
[Round "3"]
[White "Mabbs, David J"]
[Black "Mueller, C"]
[Result "1/2-1/2"]
[WhiteElo "2192"]
[BlackElo "2200"]
[PlyCount "57"]
[EventDate "1973.12.27"]
[EventType "swiss"]
[EventRounds "10"]
[EventCountry "ENG"]
[SourceTitle "BritBase"]
[Source "John Saunders"]
[SourceDate "2024.07.04"]
[SourceVersion "1"]
[SourceVersionDate "2024.07.04"]
[SourceQuality "1"]

1. d4 Nf6 2. Nc3 d5 3. Bg5 Bf5 4. Bxf6 exf6 5. e3 c6 6. Bd3 Bg6 7. f4 f5 8. h4
h5 9. Nce2 Bh7 10. Nf3 Nd7 11. c4 Bb4+ 12. Nc3 Qe7 13. Kf2 Nf6 14. cxd5 Bxc3
15. bxc3 Nxd5 16. Qd2 Nf6 17. Ne5 Ne4+ 18. Bxe4 fxe4 19. Qb2 f6 20. Nc4 b6 21.
Qb4 Qxb4 22. cxb4 Ke7 23. Nd2 Rhd8 24. Rhc1 Rd6 25. Rc2 Rxd4 26. exd4 e3+ 27.
Kxe3 Bxc2 28. Rc1 Ba4 29. Ne4 {Source: David Mabbs} 1/2-1/2

[Event "Hastings Challengers 1973/74"]
[Site "Hastings"]
[Date "1973.12.30"]
[Round "4"]
[White "Suradiradja, Herman"]
[Black "Mabbs, David J"]
[Result "1-0"]
[WhiteElo "2280"]
[BlackElo "2192"]
[PlyCount "107"]
[EventDate "1973.12.27"]
[EventType "swiss"]
[EventRounds "10"]
[EventCountry "ENG"]
[SourceTitle "BritBase"]
[Source "John Saunders"]
[SourceDate "2024.07.04"]
[SourceVersion "1"]
[SourceVersionDate "2024.07.04"]
[SourceQuality "1"]

1. e4 e5 2. Nf3 Nc6 3. Bb5 a6 4. Bxc6 dxc6 5. O-O f6 6. d4 exd4 7. Nxd4 Ne7 8.
Be3 Ng6 9. Nd2 Qe7 10. Nf5 Qf7 11. Nb3 b6 12. Re1 c5 13. Qd2 Bb7 14. Rad1 Ne5
15. Bf4 g6 16. Bxe5 fxe5 17. Ne3 Bg7 18. f3 h5 19. Qc3 O-O 20. Qc4 Rad8 21.
Qxf7+ Kxf7 22. Nc1 Ke6 23. b3 Bc6 24. Rxd8 Rxd8 25. Nd3 Bb5 26. Rd1 Bxd3 27.
Rxd3 Rd4 28. Nd5 Kd6 29. Kf2 b5 30. Ke2 c6 31. Ne3 Bh6 32. c3 Rxd3 33. Kxd3 a5
34. c4 a4 35. g3 Ke6 36. Ng2 {At this point the original score reads 36...P-N4
37 PxNP RPxP but it looks probable that these moves have been given in the
wrong order - more likely is 36...PxNP 37 RPxP P-N4. JS} axb3 37. axb3 g5 38.
Ne3 Kf6 39. Nf5 Bf8 40. Ke3 Ke6 41. f4 g4 42. h3 gxh3 43. Kf2 Kd7 44. Kg1 Kc7
45. Kh2 Kb6 46. fxe5 Ka5 47. e6 Kb4 48. cxb5 cxb5 49. e7 Bxe7 50. Nxe7 Kxb3 51.
e5 b4 52. e6 c4 53. Nc6 c3 54. e7 {Source: David Mabbs. Help with
reconstruction: Clive Frostick.} 1-0

[Event "Hastings Challengers 1973/74"]
[Site "Hastings"]
[Date "1973.12.30"]
[Round "4"]
[White "Thrower, Sean"]
[Black "James, Geoffrey H"]
[Result "0-1"]
[WhiteElo "2160"]
[BlackElo "2200"]
[PlyCount "80"]
[EventDate "1973.12.27"]
[EventType "swiss"]
[EventRounds "10"]
[EventCountry "ENG"]
[SourceTitle "Denman Collection"]
[Source "Brian Denman"]
[SourceDate "2023.11.29"]
[SourceVersion "1"]
[SourceVersionDate "2023.11.29"]
[SourceQuality "1"]

1. c4 g6 2. g3 Bg7 3. Bg2 e5 4. Nc3 Ne7 5. Nf3 O-O 6. O-O Nbc6 7. d3 f5 8. Bd2
h6 9. Rb1 d6 10. Qc1 Kh7 11. b4 Be6 12. b5 Nb8 13. Nd5 Nd7 14. Ba5 Nb6 15. e4
Rc8 16. Nd2 f4 17. gxf4 exf4 18. Bc3 Nexd5 19. Bxg7 Kxg7 20. cxd5 Bg4 21. Qc3+
Kh7 22. Nf3 g5 23. h3 Bh5 24. d4 Qd7 25. e5 g4 26. e6 Qg7 27. hxg4 Bxg4 28. e7
Rg8 29. Rbe1 Bf5 30. Nh4 Nxd5 $5 31. Qf3 Nxe7 32. Rxe7 Qxe7 33. Nxf5 Qg5 34.
Qe4 (34. Qh3 $5 Rcf8 35. Nh4 $13) 34... Rce8 35. Qd5 c6 36. Qf7+ Kh8 37. Ng3
fxg3 38. f4 Qh4 39. Rb1 Re2 40. Kf1 Rf2+ {Source: G H James (Brian Denman
Collection)} 0-1

[Event "Hastings Challengers 1973/74"]
[Site "Hastings"]
[Date "1973.12.31"]
[Round "5"]
[White "James, Geoffrey H"]
[Black "Gait, Paul D"]
[Result "1-0"]
[WhiteElo "2200"]
[BlackElo "2232"]
[PlyCount "68"]
[EventDate "1973.12.27"]
[EventType "swiss"]
[EventRounds "10"]
[EventCountry "ENG"]
[SourceTitle "Denman Collection"]
[Source "Brian Denman"]
[SourceDate "2023.11.29"]
[SourceVersion "1"]
[SourceVersionDate "2023.11.29"]
[SourceQuality "1"]

1. c4 c5 2. Nc3 Nc6 3. g3 g6 4. Bg2 Bg7 5. e3 d6 6. Nge2 e5 7. d3 Be6 8. O-O h5
9. h4 Qd7 10. Nd5 Nge7 11. Nec3 O-O 12. Kh2 f6 13. Rb1 Rf7 14. a3 Kh7 15. b4
Rh8 16. b5 Nb8 17. b6 axb6 18. Rxb6 Nbc6 19. Nxe7 Rxe7 20. Nd5 Rf7 21. Bd2 Nd8
22. Nc3 Rg8 23. Ne4 Bf8 24. f4 exf4 25. Rxf4 Bf5 26. Rxf5 $1 gxf5 (26... Qxf5
27. Bh3 Qe5 28. Bc3 Qe7 29. Nxd6 Rfg7 30. Nf5 $1 gxf5 31. Qxh5#) 27. Qxh5+ Kg7
28. Bh3 Rh8 29. Qe2 Kg8 30. Nc3 Qe8 31. Nd5 Bg7 32. Bc3 Nc6 33. Bxf5 $18 Qd8
34. Be6 Qa8 {Source: G H James (Brian Denman Collection)} 1-0